000 01116 a2200241 4500
005 20080908112412.0
008 080908t xxu||||| |||| 00| 0 hin d
010 _aHIN-79122
020 _c100.00
_a8170634547
035 _aHN-51469
037 _bD.B.Act / pub
082 _a425
100 _aकौशिक, जय नारायण
245 _aशुद्ध हिन्दी लेखन
_cजय नारायण कौशिक
246 _aShudh Hindi lekhan
_bby Jai Narayan Kaushic
260 _aनई दिल्ली
_bआर्य बुक डिपो
_c2006
270 _a30 नाईवाला, करोल बाग
_bनई दिल्ली
_e110005
_k011-25721221
_l011-25746324
300 _aviii,111पृ
_c22 सेमी (सजिल्द)
650 _aहिन्दी व्याकरण
650 _aHindi Grammer
942 _adpl
_cHN
_k425 / कौशिक
_2ddc
_h425
_mकौशिक
999 _c1259
_d1259